| 000 | 00541nam a2200217Ia 4500 | ||
|---|---|---|---|
| 003 | OSt | ||
| 005 | 20230419164559.0 | ||
| 008 | 210423s2009 xx 000 0 und d | ||
| 040 | _cAL | ||
| 041 | _aeng | ||
| 082 |
_a332.6 _223 _bTRIF |
||
| 100 |
_aTRIPATHY (Nalini Prava) _990709 |
||
| 245 | _aFinancial services | ||
| 260 |
_aNew Delhi _bPHI Learning Pvt Ltd _c2009 |
||
| 300 | _bPB | ||
| 365 | _cINR | ||
| 650 |
_aEconomics _990710 |
||
| 650 |
_aInvestment Management _990711 |
||
| 906 | _aFinancial ; services | ||
| 942 |
_2ddc _cBK |
||
| 999 |
_c160770 _d160770 |
||